Rafael Obregón Loría, benemérito de la masonería costarricense, en el centenario de su natalicio /
Se presenta una breve introducción a los principios masónicos, así como algunas costumbres y tradiciones, como el significado de los solsticios. Posterior a ello, se presenta la figura de Rafael Obregón como el estudioso, el académico, el profesor y maestro; se muestran algunos de los logros y alcan...
Bewaard in:
| Hoofdauteur: | |
|---|---|
| Formaat: | Texto |
| Onderwerpen: | |
| Tags: |
Voeg label toe
Geen labels, Wees de eerste die dit record labelt!
|
MARC
| LEADER | 00000 a a2200000 04500 | ||
|---|---|---|---|
| 001 | 43331 | ||
| 003 | |||
| 040 | |||
| 100 | |a Cruz, Vladimir de la | ||
| 245 | |a Rafael Obregón Loría, benemérito de la masonería costarricense, en el centenario de su natalicio / |c Vladimir de la Cruz | ||
| 520 | |a Se presenta una breve introducción a los principios masónicos, así como algunas costumbres y tradiciones, como el significado de los solsticios. Posterior a ello, se presenta la figura de Rafael Obregón como el estudioso, el académico, el profesor y maestro; se muestran algunos de los logros y alcances profesionales que ha tenido; y las enseñanzas que ha trasmitido a lo largo del tiempo. Se presenta además algunos aspectos personales del mismo; así como aportaciones sociales, patriotas y ciudadanas. Finalmente se habla del papel que fungió como miembro del movimiento masónico costarricense. | ||
| 590 | |a KSR/JUNIO2012 | ||
| 650 | |a 1.RAFAEL OBREGON LORIA | ||
| 650 | |a 2.ASOCIACIONES | ||
| 650 | |a 3.GRUPOS DE INTERESES | ||
| 650 | |a 4.DISCURSO | ||
| 650 | |a 5.CENTENARIO | ||
| 773 | |g volumen90, número2 ( , 2011), páginas 179-185 | ||
| 999 | |c 33067 |d 33067 | ||
